Completa il Proverbio - Quiz n°1 - Statistics

Statistiche generali
  • Questo quiz è stato fatto 720 volte
  • Il punteggio medio è 10 su 15
Statistiche sulle risposte
Proverbio Parola mancante % Corretto
L'____ non fa il monaco Abito
98%
Ride ben chi ride _____ Ultimo
97%
Occhio non vede, ____ non duole Cuore
96%
Natale con i tuoi, _____ con chi vuoi Pasqua
92%
Date a Cesare quel che è di _____ Cesare
91%
I ____ sporchi si lavano in casa Panni
88%
Gallina vecchia fa buon _____ Brodo
87%
Cambiano i suonatori ma la _____ è sempre quella Musica
84%
Mal comune mezzo _____ Gaudio
61%
Bacco, tabacco e _____ riducon l'uomo in cenere Venere
57%
Fatta la legge trovato l'______ Inganno
52%
Paese che vai _____ che trovi Usanza
50%
Quando c'è la _____ c'è tutto Salute
44%
A brigante brigante e ____ Mezzo
16%
È facile lamentarsi quando c'è chi ______ Ascolta
13%
Nessun quiz corrispondente trovato
Distribuzione punteggi
Percentuale di utenti per punteggio
Percentile per numero di risposta
I tuoi punteggi nel tempo
Non hai fatto questo quiz